Types of Drinks - Statistics

General Stats
  • This quiz has been taken 227 times
  • The average score is 8 of 10
Answer Stats
Picture Answer % Correct
Tea
99%
Water
99%
Orange Juice
98%
Apple Juice
95%
Milk
95%
Coffee
90%
Hot Chocolate
78%
Smoothie
67%
Coca Cola
63%
Piña Colada
47%
No matching quizzes found
Score Distribution
Percent of People with Each Score
Percentile by Number Answered
Your Score History
You have not taken this quiz